[Event "Regionalliga NW 1112"]
[Site "Bayern"]
[Date "2011.12.11"]
[Round "4.6"]
[White "Hauck, Juergen"]
[Black "Wilfert, Peter"]
[Result "1/2-1/2"]
[WhiteElo "1839"]
[BlackElo "1999"]
[PlyCount "69"]
[EventDate "2011.10.02"]
[EventType "team-tourn"]
[EventRounds "9"]
[EventCountry "GER"]
[SourceTitle "EXT 2013"]
[Source "ChessBase"]
[SourceDate "2012.11.22"]
[SourceVersion "1"]
[SourceVersionDate "2012.11.22"]
[SourceQuality "1"]
[WhiteTeam "Mainaschaff"]
[BlackTeam "Hof"]
[WhiteTeamCountry "GER"]
[BlackTeamCountry "GER"]

1. e4 e6 2. d4 d5 3. Nd2 Nf6 4. e5 Nfd7 5. Bd3 c5 6. c3 Nc6 7. Ne2 Qb6 8. Nf3 cxd4 9. cxd4 Bb4+ 10. Kf1 Be7 11. b3 a5 12. a3 Nf8 13. Bb2 Bd7 14. g3 g5 15. h3 Rg8 16. Kg2 f5 17. exf6 Bxf6 18. Ne5 Bxe5 19. dxe5 0-0-0 20. Qc2 Ng6 21. Bxg6 Rxg6 22. Bd4 Qc7 23. Rhc1 Kb8 24. b4 Rc8 25. b5 Nxd4 26. Qxc7+ Rxc7 27. Nxd4 Rg8 28. Rxc7 Kxc7 29. a4 Kb6 30. Rc1 Rc8 31. Rxc8 Bxc8 32. Nb3 Bd7 33. f4 gxf4 34. gxf4 Be8 35. Kf3 1/2-1/2

[Event "Regionalliga NW 0304"]
[Site "Bayern"]
[Date "2004.01.18"]
[Round "5.7"]
[White "Zschunke, Werner"]
[Black "Wilfert, Peter"]
[Result "0-1"]
[WhiteElo "1992"]
[BlackElo "2015"]
[PlyCount "88"]
[EventDate "2003.10.12"]
[EventType "team-tourn"]
[EventRounds "9"]
[EventCountry "GER"]
[SourceTitle "EXT 2006"]
[Source "ChessBase"]
[SourceDate "2005.11.24"]
[SourceVersion "1"]
[SourceVersionDate "2005.11.24"]
[SourceQuality "1"]
[WhiteTeam "Schweinfurt"]
[BlackTeam "Hof"]
[WhiteTeamCountry "GER"]
[BlackTeamCountry "GER"]

1. c4 e6 2. g3 Nf6 3. Bg2 d5 4. Nf3 Be7 5. 0-0 0-0 6. b3 dxc4 7. bxc4 c5 8. Nc3 Nc6 9. Rb1 Rb8 10. d3 e5 11. Nd2 Bg4 12. h3 Be6 13. Nd5 Nxd5 14. cxd5 Bxd5 15. Qa4 Bxg2 16. Kxg2 Qd5+ 17. Kh2 Nd4 18. Re1 a6 19. Nf1 b5 20. Qa5 Qc6 21. Qd2 f5 22. f3 Rbd8 23. Bb2 Bf6 24. Rec1 e4 25. Bxd4 Rxd4 26. Qc2 exf3 27. e3 Rd5 28. Rd1 Rfd8 29. Kg1 Qd7 30. Rbc1 f4 31. gxf4 Qxh3 32. Qh2 Qd7 33. Qg3 Rxd3 34. Rxd3 Qxd3 35. Rxc5 Qe2 36. Qh3 Qxa2 37. Qxf3 b4 38. Qb7 a5 39. Rc8 Qe6 40. Rb8 Qg4+ 41. Kh2 Qe2+ 42. Kg1 Qd3 43. Qb5 Qxb5 44. Rxb5 Bc3 0-1

[Event "Regionalliga NW 0102"]
[Site "Bayern"]
[Date "2002.02.03"]
[Round "5.8"]
[White "Kuhn, Tobias"]
[Black "Wilfert, Peter"]
[Result "0-1"]
[WhiteElo "1650"]
[BlackElo "1970"]
[PlyCount "74"]
[EventDate "2001.10.07"]
[EventType "team-tourn"]
[EventRounds "9"]
[EventCountry "GER"]
[SourceTitle "EXT 2003"]
[Source "ChessBase"]
[SourceDate "2002.11.25"]
[SourceVersion "1"]
[SourceVersionDate "2002.11.25"]
[SourceQuality "1"]
[WhiteTeam "Klingenberg"]
[BlackTeam "Hof"]
[WhiteTeamCountry "GER"]
[BlackTeamCountry "GER"]

1. e4 e6 2. d4 d5 3. exd5 exd5 4. Bd3 c6 5. c3 Bd6 6. Qc2 Nf6 7. Bg5 h6 8. Bh4 Be6 9. Nd2 Nbd7 10. 0-0-0 Qc7 11. Bg3 b5 12. Re1 0-0 13. Ne2 Rfc8 14. Bxd6 Qxd6 15. Ng3 c5 16. dxc5 Nxc5 17. Bxb5 d4 18. c4 d3 19. Qd1 Rab8 20. Kb1 a6 21. Ba4 Qd4 22. Bb3 a5 23. Nf3 Qd6 24. Ne5 Qb6 25. Qd2 Nxb3 26. axb3 Qxb3 27. Rc1 Bxc4 28. Nxc4 Rxc4 29. Rxc4 Qxc4 30. f3 Nd5 31. Rc1 Qb3 32. Rc5 a4 33. Qc1 Nb4 34. Rc8+ Kh7 35. Qc3 Rxc8 36. Qxc8 d2 37. Qf5+ g6 0-1

[Event "Regionalliga NW 0001"]
[Site "Bayern"]
[Date "2001.04.01"]
[Round "8"]
[White "Wilfert, Peter"]
[Black "Reer, Erdmann"]
[Result "1/2-1/2"]
[WhiteElo "1945"]
[BlackElo "1965"]
[PlyCount "37"]
[EventDate "2000.10.15"]
[EventType "team-tourn"]
[EventRounds "9"]
[EventCountry "GER"]
[SourceTitle "EXT 2020"]
[Source "ChessBase"]
[SourceDate "2019.10.17"]
[SourceVersion "1"]
[SourceVersionDate "2019.10.17"]
[SourceQuality "1"]
[WhiteTeam "Hof SK"]
[BlackTeam "Coburg"]
[WhiteTeamCountry "GER"]
[BlackTeamCountry "GER"]

1. e4 c6 2. d4 d5 3. exd5 cxd5 4. Bd3 Nf6 5. h3 Nc6 6. c3 e6 7. Bf4 Bd6 8. Bxd6 Qxd6 9. Nf3 0-0 10. 0-0 Re8 11. Re1 e5 12. dxe5 Nxe5 13. Nxe5 Rxe5 14. Rxe5 Qxe5 15. Qe2 Qxe2 16. Bxe2 Bf5 17. Nd2 Rd8 18. Nf3 h6 19. Rd1 1/2-1/2

[Event "Landesliga Nord 9900"]
[Site "Bayern"]
[Date "2000.02.20"]
[Round "6.8"]
[White "Schneider, Bernd3"]
[Black "Wilfert, Peter"]
[Result "1-0"]
[WhiteElo "1873"]
[BlackElo "1870"]
[PlyCount "90"]
[EventDate "1999.10.10"]
[EventType "team-tourn"]
[EventRounds "9"]
[EventCountry "GER"]
[SourceTitle "EXT 2020"]
[Source "ChessBase"]
[SourceDate "2019.10.17"]
[SourceVersion "1"]
[SourceVersionDate "2019.10.17"]
[SourceQuality "1"]
[WhiteTeam "Obernburg"]
[BlackTeam "Hof SK"]
[WhiteTeamCountry "GER"]
[BlackTeamCountry "GER"]

1. d4 Nf6 2. c4 g6 3. Nc3 d5 4. e3 Bg7 5. Nf3 0-0 6. Be2 c6 7. 0-0 Ne4 8. Qb3 Nxc3 9. bxc3 b6 10. a4 Ba6 11. Nd2 Nd7 12. Ba3 c5 13. Rfe1 dxc4 14. Bxc4 Bxc4 15. Qxc4 Rc8 16. Qb5 Qc7 17. Nb3 Rfd8 18. a5 e6 19. Ra2 cxd4 20. cxd4 Qc4 21. Qb4 Bf8 22. Qxc4 Rxc4 23. Bxf8 Kxf8 24. axb6 axb6 25. Nd2 Rc6 26. Ra7 Ke7 27. Kf1 Rc2 28. Nf3 f6 29. Rb1 Rb8 30. Ne1 Rc3 31. Ke2 Kd6 32. Rb2 b5 33. Nd3 Rc4 34. Ra6+ Rc6 35. Ra5 Rcb6 36. Nb4 e5 37. Rd2 exd4 38. Rxd4+ Kc5 39. Na6+ Rxa6 40. Rxa6 Ne5 41. f4 Nc6 42. Rd7 Nb4 43. Rc7+ Kd5 44. Rxf6 Na2 45. Kf3 b4 1-0

[Event "Landesliga Nord 9798"]
[Site "Bayern"]
[Date "1998.??.??"]
[Round "?.7"]
[White "Hirn, Erwin"]
[Black "Wilfert, Peter"]
[Result "1/2-1/2"]
[WhiteElo "1870"]
[BlackElo "2025"]
[PlyCount "27"]
[EventDate "1997.10.19"]
[EventType "team-tourn"]
[EventRounds "9"]
[EventCountry "GER"]
[SourceTitle "EXT 2020"]
[Source "ChessBase"]
[SourceDate "2019.10.17"]
[SourceVersion "1"]
[SourceVersionDate "2019.10.17"]
[SourceQuality "1"]
[WhiteTeam "Nuernberg Sued SW"]
[BlackTeam "Hof SK II"]
[WhiteTeamCountry "GER"]
[BlackTeamCountry "GER"]

1. d4 e6 2. e4 d5 3. exd5 exd5 4. Bd3 Nf6 5. Nf3 Bd6 6. 0-0 0-0 7. Bg5 h6 8. Bh4 Be6 9. c3 Nbd7 10. Nbd2 c6 11. Rc1 b5 12. Bb1 Qb6 13. Qc2 a5 14. Rfe1 1/2-1/2